00820nam a22001815i 4500001000700000003000900007005001700016008004100033080001700074100003600091245020100127260014900328300003900477500002700516650002300543710003000566852004200596178732ES-MaACL20230906220607.0110613s1974 sp o |||| | spa d a617.7-001.171 aRibas Montobbio, Juan Bautista.10aTratamiento de las quemaduras químicas corneo-conjuntivales b: estudio experimental / cresumen de la tesis presentada para aspirar al grado de doctor en medicina por Juan Bta. Ribas Montobbio. aBarcelona : bUniversidad de Barcelona, Secretariado de Publicaciones, Intercambio Científico y Extensión Universitaria : b[Ivern], c1974. a33 p. : bfot. bl. y n. ; c24 cm. aCub. tomada como port. 4aOjos-xQuemaduras.2 aUniversidad de Barcelona. aES-MaACLjE-15361 (135) xOlim P-1374